PNL - Quel est le son ? #1 - Statistiques

Statistiques générales
  • Ce quiz a été pris 612 fois
  • Le résultat moyen est 17 sur 36
Statistiques - réponses
Hint Réponse % Correct
Fuck tous mes rêves, nique l'imaginaire vers Scampia j'roule un pet' Le M
79%
J'sors de chez toi, j'reprends ta voiture mal garée puis j'retire ton PV Au DD
76%
Elle aime les voyous, jeune sheitana cherche mec mortel DA
72%
J'viens faire mon beurre, mer de billets, j'fais des longueurs Onizuka
68%
Igo son âme est moche, plus qu'à la maquiller avec des mensonges Jusqu'au dernier gramme
60%
Et j'suis l'roi des charbonneurs, pourtant, j'ai la plus grande des flemmes Chang
57%
Pourquoi tu perds les âmes comme ça ? À l'ammoniaque
56%
La lumière on la voit que depuis cette année Naha
56%
Remballe ton échelle, au fond du trou, j'empile mes péchés, j'escalade Le monde ou rien
54%
Faut qu'j'voie l'Japon, faut qu'j'voie la Chine, faut qu'j'voie l'Mexique Bambina
53%
On sait d’où l'on vient sans savoir où on va mais on tordra ces âmes de rats La misère est si belle
53%
Parce que ceux qu'j'aime ont la haine, j'suis niqué pour la vie Zoulou Tchaing
53%
J'te-ma ton postérieur, j'veux l'même en po-poster Tempête
51%
Pense pas ma gueule, Dieu est grand, fuck les ténèbres Lion
49%
Sur scène elles fouillent dans mes poches, me laissent des 06 Luz de Luna
48%
Bitch, j'suis l'plus hardcore, champagne, pilon, pompette PNL
48%
Derrière la fumée, j'aime voir disparaître sa beauté Bené
47%
Les gens qui m'ont suivi, j'peux pas les abandonner Autre monde
46%
Pour mes rêves, la Terre est trop p'tite, crois pas qu'on a percé trop vite Shenmue
46%
La chaise est restée au fond du hall, moi, j'suis plus là Hasta la vista
45%
Le temps c'est d'la money, j'ai pas d'montre, j'ai des sous J'suis QLF
44%
J’recompte seul dans l’hall, ma liasse résonne Mexico
43%
Faut qu'on claque ce liquide, pour les nôtres dans cette vie avant de partir en shit 91's
42%
Le temps passe sur ton visage, le chrono' m'fait mal au bide Blanka
42%
Aladdin Aladdin, j'fuck j'suis Jafar, ce matin cette catin, rêve d'être ma femme Je t'haine
42%
Pétasse, allez casse un tour, le cœur délogé, ils ont cassé ma tour Je vis, je visser
42%
Et puis si j'ai parlu avec toi, pétasse, j'fais 500 pompes avant, les bravas gonflés J'suis PNL
38%
Si j'te tends la main tu m'couperas le bras, mais j'ai pas de Rolex Recherche du bonheur
38%
J'suis en lion, fini d'être en chien, fini les vauriens MOWGLI II
36%
Hey la vida loca nous rend animal Oh Lala
36%
C'est pour ceux qui crèvent isolés, tous ceux qu'on oublie Lala
33%
J'suis touché, Jack ou weed, j'me fais emballer par des gouines Comme pas deux
32%
Dans le présent, dans le futur, j'pète une niaks avec le dernier terrien Gala Gala
32%
Dès maintenant, monte le son et stream et même si t'es chim ou t'es maton Tahia
31%
J'ai saigné mais les anges m'ont dit : "Faut pas s'en faire" Dans ta rue
26%
Combien de sacs à pâtes ne savent plus sur quel genou danser Différents
26%
Aucun quiz correspondant
Distribution des résultats
% des personnes avec chaque résultat
Percentile par nombre de réponses
Votre historique - résultats
Vous n’avez pas pris ce quiz